000 006090000a22001810004500
003 MACL
005 20160329155022.0
008 160329b xxu||||| |||| 00| 0 eng d
040 _aMACL
_cMACL
041 _aHindi
082 _a100
100 _aचट़टोपाध्‍याय देवीप्रसाद
_948389
245 _aप्राचीन भारत में भोतिकवाद
260 _bपीपूल्‍स पब्लिशिंग हाउस
_c1990
_aनई दिल्‍ली
350 _a25
650 _aPhilisophy
_948712
942 _cHIN
_k100
_2ddc
999 _c20854
_d20854